000 00518nam a22001697a 4500
005 20251108174914.0
008 250721s2009 xx 000 0 ara d
082 1 4 _a634.6/عكي
100 1 _aالعكيدي، حسن خالد
245 1 0 _aنخلة التمر سيدة الشجر ودرة الثمر /
264 1 _aعمان :
_bآمنة للنشر و التوزيع،
_c2009.
300 _a396ص.
650 1 7 _aالتمور
650 1 7 _aالفواكه المدارية
942 _2ddc
_cBK
999 _c121138
_d121138